Szczegóły MARC21

Przemysł okrętowy Pomorza Zachodniego : stan obecny i perspektywy rozwoju /

003 -Nazwa inst., której nr kontr. jest w polu 001 [,]
    • @
    • Nazwa instytucji, której n kontrolny jest w polu 001
    • NUKAT
005 -DATA I CZAS OSTATNIEJ MODYFIKACJI [,]
    • @
    • pole kontrolne
    • 20241231113642.0
040 -Instytucja sporządzająca opis [ , ]
    • a
    • Instytucja, która sporządziła opis (NP)
    • GD U/EN
    • c
    • Instytucja, która sporządziła rekord (NP)
    • GD U/EN
    • d
    • Instytucja, która zmodyfikowała rekord (P)
    • GD U/AEKs
041 -Język dokumentu [0, ]
    • a
    • Język tekstu (P)
    • polski
    • b
    • Język streszczeń lub abstraktu (P)
    • angielski
942 -Rodzaj dokumentu [ , ]
    • c
    • Rodzaj dokumentu
    • Książka
100 -Hasło główne - nazwa osobowa [1, ]
    • a
    • Nazwa osobowa (NP)
    • Białasiewicz, Maria.
    • 9
    • KHW
    • 20620
245 -Strefa tytułu i oznaczenia odpowiedzialności [1,0]
    • a
    • Tytuł
    • Przemysł okrętowy Pomorza Zachodniego : Find
    • b
    • Ciąg dalszy tytułu (NP)
    • stan obecny i perspektywy rozwoju / Find
    • c
    • Pozostałe elementy strefy tytułu i oznaczenia odpowiedzialności (NP)
    • Maria Białasiewicz, Grażyna Gołębiowska, Władysław Janasz.
260 -Strefa adresu wydawniczego [ , ]
    • a
    • Miejsce wydania (P)
    • Szczecin :
    • b
    • Nazwa wydawcy (P)
    • Wydawnictwo Naukowe US,
    • c
    • Data wydania (P)
    • 1990.
300 -Strefa opisu fizycznego [ , ]
    • a
    • Określenie formy książki i/lub objętość (NP)
    • 280 s. :
    • b
    • Oznaczenie ilustracji (NP)
    • wykr. ;
    • c
    • Format (NP)
    • 25 cm.
336 -Typ zawartości [ , ]
    • a
    • Termin opisujący typ zawartości
    • Tekst
    • b
    • Kod określający zawartość
    • txt
    • 2
    • Źródło (terminu i kodu)
    • rdacontent
337 -Typ mediów [ , ]
    • a
    • Tryb odtwarzania
    • Bez urządzenia pośredniczącego
    • b
    • Kod typu mediów
    • n
    • 2
    • Źródło (terminu i kodu)
    • rdamedia
338 -Typ/rodzaj nośnika [ , ]
    • a
    • Hasło opisujące typ nośnika
    • Wolumin
    • b
    • Kod typu nośnika
    • nc
    • 2
    • Źródło (terminu i kodu)
    • rdacarrier
490 -Strefa serii i książki wielotomowej - forma nie do wyszukiwania [1, ]
    • a
    • Tytuł (P)
    • Rozprawy i Studia / Uniwersytet Szczeciński, Find
    • x
    • ISSN (NP)
    • 0860-2751 ;
    • v
    • Numeracja (P)
    • t. (143) 69
830 -Hasło dodatkowe serii i opisu książki wielotomowej - tytuł ujednolicony/tytuł [ ,0]
    • a
    • Tytuł ujednolicony/tytuł (NP)
    • Rozprawy i Studia - Uniwersytet Szczeciński
    • x
    • ISSN
    • 0860-2751
    • v
    • Oznaczenie tomu (NP)
    • t. 69
    • 9
    • KHW
    • 700
504 -Uwaga dot. bibliogr. załącznikowej [ , ]
    • a
    • Uwaga dot. bibliografii załącznikowej
    • Bibliogr. s. [273]-278.
546 -Uwaga dot. języka [ , ]
    • a
    • Uwaga dot. języka
    • Streszcz. ang.
080 -Uniwersalna Klasyfikacja Dziesiętna [ , ]
    • a
    • Symbol klasyfikacji
    • 338.45::629.12(438)"1956/..."
650 -Hasło przedmiotowe [ ,7]
    • a
    • Hasło przedmiotowe
    • Przemysł okrętowy
    • z
    • Określnik geograficzny
    • Polska
    • y
    • Określnik chronologiczny
    • 1945-.
    • 2
    • Źródło terminu
    • kaba
    • 9
    • KHW
    • 359287
650 -Hasło przedmiotowe [ ,7]
    • a
    • Hasło przedmiotowe
    • Przemysł okrętowy
    • z
    • Określnik geograficzny
    • Polska
    • z
    • Określnik geograficzny
    • Szczecin
    • y
    • Określnik chronologiczny
    • 1945-.
    • 2
    • Źródło terminu
    • kaba
    • 9
    • KHW
    • 597915
980 -Symbol UKD [ , ]
    • a
    • UKD
    • 338.45::629.12(438)"1956/..."
700 -Hasło dodatkowe - nazwa osobowa [1, ]
    • a
    • Nazwa osobowa (NP)
    • Gołębiowska, Grażyna. Find
    • 9
    • KHW
    • 597839
700 -Hasło dodatkowe - nazwa osobowa [1, ]
    • a
    • Nazwa osobowa (NP)
    • Janasz, Władysław Find
    • d
    • Daty biograficzne (NP)
    • (1940- ).
    • 9
    • KHW
    • 43427
Numer inwentarzowy Sygnatura Status udost. Lokalizacja Data inwentaryzacji
S.71374 2BE1996-06-14
S.71375 2BE1996-06-14
S.71376 2BE1996-06-14
S.71377 2BE1996-06-14
S.71378 2BE1996-06-14
S.71379 2BE1996-06-14
S.71380 2BE1996-06-14
S.71381 2BE1996-06-14
S.71382 2BE1996-06-14
S.71383 2BE1996-06-14
S.71384 2BE1996-06-14
S.71385 2BE1996-06-14
S.71386 2BE1996-06-14
S.71387 2BE1996-06-14
S.71388 2BE1996-06-14
S.71389 2BE1996-06-14
S.71390 2BE1996-06-14
S.71391 2BE1996-06-14
S.71392 2BE1996-06-14
S.71393 2BE1996-06-14
S.71394 -3BE1996-06-14
S.71395 2BE1996-06-14
S.83870 2BE1999-06-22
S.83871 2BE1999-06-22
S.83872 2BE1999-06-22
S.83873 2BE1999-06-22
S.83874 2BE1999-06-22
E.66079 -2BE1999-06-22
Z.83502Z.835021BG1996-06-14
W.180154W.180154-3BG1996-06-14
W.180155W.180154-3BG1996-06-14
W.180156W.180154-3BG1996-06-14
W.180157W.1801542BG1996-06-14
W.180158W.1801542BG1996-06-14
T.1749 -2T2000-01-31